Quiz su Saint Lucia - Statistics

Statistiche generali
  • Questo quiz è stato fatto 375 volte
  • Il punteggio medio è 9 su 14
Statistiche sulle risposte
Definizione Risposta % Corretto
Mare che bagna il Paese Mar dei Caraibi
93%
...che fanno parte di questo arcipelago più grande Piccole {Antille}
91%
Paese da cui Santa Lucia ha ottenuto l'indipendenza nel 1979 Regno Unito
90%
Santa Lucia è l'unico paese che contiene il nome di una... Donna
82%
Sport più popolare Cricket
75%
Frutta che costituisce il 22% delle esportazioni Banana
74%
Isola francese che si trova appena a nord di Santa Lucia Martinica
67%
Capitale Castries
65%
Su base pro capite, Santa Lucia ha il maggior numero di vincitori di questo premio Premio Nobel
61%
Paese appena a sud di Santa Lucia Saint Vincent e Grenadines
57%
Santa Lucia è l'unico paese delle Americhe che si è opposto nel 2008 a una dichiarazione dei diritti dell'ONU per queste persone LGBT
45%
Nome che gli abitanti originari di Arawak diedero a Santa Lucia (suggerimento: un rettile) Terra dell'{Iguana}
44%
Catena di isole di cui fa parte Santa Lucia Isole {Sopravento} Meridionali
39%
L'uccello nazionale è una specie di _____ che può essere trovata solo a Santa Lucia Pappagallo
38%
Nessun quiz corrispondente trovato
Distribuzione punteggi
Percentuale di utenti per punteggio
Percentile per numero di risposta
I tuoi punteggi nel tempo
Non hai fatto questo quiz